000 02101nam a2200277 a 4500
008 120416s1962 ||||||||||||||||| || u
050 _aQA 501.5 Haw
100 _aHawk, Minor Clyde
245 1 0 _aSchaum,s outline of theory and problems of descriptive geometry
260 _aNew York
_bMcGraw-Hill
_c1962
300 _avii, 212p.:ill.
350 _a0.00
500 _a16 copies in Computer Science Department
650 _aDESCRIPTIVE GEOMESTRY
650 _aENGINEERING
995 _aBINDERY (DAMAGED)
_D0.00
_e715815
_FCBU-MAIN LIBRARY (Kitwe)
_H2
_I1.40
_jQA 501.5 Haw
_M2
_UDAMAGED
_y012688
_ZMain Library Open Access Collection
995 _aANNEX COLLECTION (Main Library)
_D0.00
_e718342
_FCBU-MAIN LIBRARY (Kitwe)
_H4
_I1.40
_jQA 501.5 Haw
_M1
_UAVAILABLE
_y012687
_ZAnnex Low-Usage Collection
995 _aTEXTBOOKS (COMP.SCIENCE)
_D0.00
_e3367
_FCBU-SCHOOL TEXTBOOK COLLECTIONS
_H1
_I0.00
_jSCHOOL TEXTBOOK
_M6
_UAVAILABLE
_WAug 11, 2009
_y3367
_ZSchool Collections
995 _aTEXTBOOKS (COMP.SCIENCE)
_D0.00
_e3371
_FCBU-SCHOOL TEXTBOOK COLLECTIONS
_H1
_I0.00
_jSCHOOL TEXTBOOK
_M10
_UAVAILABLE
_WAug 11, 2009
_y3371
_ZSchool Collections
995 _aANNEX COLLECTION (Main Library)
_D0.00
_e715817
_FCBU-MAIN LIBRARY (Kitwe)
_H1
_I1.40
_jQA 501.5 Haw
_M5
_UAVAILABLE
_y012691
_ZAnnex Low-Usage Collection
995 _aANNEX COLLECTION (Main Library)
_D0.00
_e718343
_FCBU-MAIN LIBRARY (Kitwe)
_H5
_I1.40
_jQA 501.5 Haw
_M4
_UAVAILABLE
_y012690
_ZAnnex Low-Usage Collection
995 _aTEXTBOOKS (COMP.SCIENCE)
_D0.00
_e3370
_FCBU-SCHOOL TEXTBOOK COLLECTIONS
_H1
_I0.00
_jSCHOOL TEXTBOOK
_M9
_UAVAILABLE
_WAug 11, 2009
_y3370
_ZSchool Collections
995 _aTEXTBOOKS (COMP.SCIENCE)
_D0.00
_e3368
_FCBU-SCHOOL TEXTBOOK COLLECTIONS
_H1
_I0.00
_jSCHOOL TEXTBOOK
_M7
_UAVAILABLE
_WAug 11, 2009
_y3368
_ZSchool Collections
995 _aBINDERY (DAMAGED)
_D0.00
_e715816
_FCBU-MAIN LIBRARY (Kitwe)
_H3
_I1.40
_jQA 501.5 Haw
_M3
_UDAMAGED
_y012689
_ZMain Library Open Access Collection
995 _aTEXTBOOKS (COMP.SCIENCE)
_D0.00
_e3369
_FCBU-SCHOOL TEXTBOOK COLLECTIONS
_H1
_I0.00
_jSCHOOL TEXTBOOK
_M8
_UAVAILABLE
_WAug 11, 2009
_y3369
_ZSchool Collections
999 _c80323
_d80323